000 00595nam a2200205Ia 4500
003 GCL
008 140319s9999 xx 000 0 ara d
020 _a9042011977
040 _aGCL /
_cGCL
082 0 4 _a813.03
_bت ب
100 1 _aتوفيق الحكيم
245 1 0 _aبنك القلق /
_cتوفيق الحكيم
260 _aالقاهرة :
_bمكتبة مصر ،
_c1988
300 _a224 ص ؛
_c18 سم
490 _a
650 0 4 _aالمسرحيات
650 0 4 _aالمسرحيات العربية
650 0 4 _aالمسرحيات العربية - مصر
942 _2ddc
_cBK
999 _c30876
_d30876